000 00918nam a2200205 a 4500
008 100930s1997 ||||||||||||||||| || u
020 _a0935018840
050 _aSD 393 Str
100 _aHansen, Eric
245 1 0 _aStructural changes within the global forestry sector
_cedited by Ivan Eastin and Eric Hansen
260 _aMadison, WI
_bForest Products Society
_c1997
300 _avi, 103p.: ill.
350 _a0.00
490 _aForest Products Society Proceedings, no. 7290
500 _aPapers presented during the Industry Focus session of the 49th annual meeting of the Forest Products Society held in Portland, Oregon, June 1995.
650 _aFORESTRY
650 0 _aFORESTS AND FORESTRY--ECONOMIC ASPECTS
700 _aEastin, Ivan
995 _D0.00
_FCBU-MAIN LIBRARY (Kitwe)
_H1
_I0.00
_M1
_UAVAILABLE
_WOct 11, 2010
_ZAnnex Low-Usage Collection
999 _c58669
_d58669